South African Provinces by HDI - Statistics

General Stats
  • This quiz has been taken 57 times
  • The average score is 6 of 9
Answer Stats
HDI Province % Correct
0.763 Gauteng
100%
0.778 Western Cape
100%
0.739 Limpopo
89%
0.741 Free State
74%
0.736 KwaZulu-Natal
63%
0.728 Northern Cape
58%
0.703 Eastern Cape
53%
0.708 Mpumalanga
47%
0.705 North West
37%
No matching quizzes found
Score Distribution
Percent of People with Each Score
Percentile by Number Answered
Your Score History
You have not taken this quiz